000 00805cam a22002054a 4500
005 20250605163607.0
008 250528s ||||||||||||||||||||||||d
035 _a22397
020 _a9789604020027
040 _aGR-AtMCL
_bgre
_dGR-AtMCL
_eAACR2
245 1 _aΗ ΕΡΕΥΝΑ ΣΤΗΝ ΠΡΟΣΧΟΛΙΚΗ ΕΚΠΑΙΔΕΥΣΗ ΤΟΜΟΣ Α / ΔΙΔΑΚΤΙΚΗ ΜΕΘΟΔΟΛΟΓΙΑ
250 _a1
260 _bΤυπωθητω,
_c2001
300 _a338
520 _aΓΛΩΣΣΙΚΗ ΚΑΛΛΙΕΡΓΕΙΑ ΤΟΥ ΝΗΠΙΟΥ ΠΑΙΔΙΚΗ ΛΟΓΟΤΕΧΝΙΑ ΙΣΤΟΡΙΚΕΣ ΕΝΝΟΙΕΣ ΑΙΣΘΗΤΙΚΗ ΑΓΩΓΗ ΕΝΝΟΙΕΣ ΤΩΝ ΦΥΣΙΚΩΝ ΕΠΙΣΤΗΜΩΝ
700 1 _aΚουρτη Ευαγγελια
942 _cBK
999 _c7450
_d7450